Causa por Santiago de Medina en el pleito de nulidad de matrimonio, con Doña Julia de Zúñiga, su mujer

Detalles Bibliográficos
Otros Autores: Miguel de Monsalve
Formato: Libro
Publicado: s.l., s.f.
Materias:
Colección:Banco de datos
Acervo:Biblioteca Palafoxiana. Colección de Manuscritos
Descripción Física:3 f. ; 20.5 x 30.5 cm.
Tema general:Eclesiástica
LEADER 00450nam a22001450004500
035 |a 1059 
245 1 0 |a Causa por Santiago de Medina en el pleito de nulidad de matrimonio, con Doña Julia de Zúñiga, su mujer 
260 |a s.l., s.f. 
300 |a 3 f. ; 20.5 x 30.5 cm. 
650 1 0 |a Eclesiástica 
700 1 |a Miguel de Monsalve 
949 |a 19944/003 
942 |c PALAMANU 
943 |g Biblioteca Palafoxiana. Colección de Manuscritos 
999 |c 1069004  |d 1069004